[Event "Riga Tech op-A"]
[Site "Riga"]
[Date "2023.08.10"]
[Round "5"]
[White "Lumiste, Rene"]
[Black "Arikov, Artem"]
[Result "1/2-1/2"]
[WhiteElo "2111"]
[BlackElo "2365"]
[PlyCount "104"]
[EventDate "2023.08.07"]
[EventType "swiss"]
[EventRounds "9"]
[EventCountry "LAT"]
[SourceTitle "CBM 215 Extra"]
[Source "ChessBase"]
[SourceDate "2023.09.30"]
[SourceVersion "1"]
[SourceVersionDate "2023.09.30"]
[SourceQuality "1"]

1. e4 c5 2. Nc3 e5 3. Bc4 Nc6 4. d3 d6 5. f4 exf4 6. Bxf4 Nf6 7. Nf3 Bg4 8. h3 Bh5 9. g4 Bg6 10. Qd2 Be7 11. 0-0-0 0-0 12. g5 Nd7 13. Nh4 Nde5 14. Bd5 Nd4 15. Nxg6 Nxg6 16. h4 Nf3 17. Qf2 Nxf4 18. Qxf3 Ng6 19. Rdg1 Ne5 20. Qg3 Kh8 21. h5 f5 22. gxf6 Bxf6 23. Ne2 Nf3 24. Nf4 Bg5 25. Qxg5 Qxg5 26. Rxg5 Rxf4 27. Rf5 Rxf5 28. exf5 Nd4 29. Bxb7 Rf8 30. Be4 Nxf5 31. Rf1 g6 32. hxg6 hxg6 33. Bxf5 gxf5 34. Rg1 Kh7 35. Kd2 Re8 36. Rg5 Re5 37. c3 Kh6 38. Rg8 f4 39. d4 cxd4 40. cxd4 Re4 41. Kd3 Re3+ 42. Kd2 Rg3 43. Rd8 Rg2+ 44. Ke1 Rxb2 45. Rxd6+ Kg5 46. Ra6 Rb7 47. Kf2 Kg4 48. Ra3 Rh7 49. d5 Kf5 50. d6 Ke5 51. Ra6 Rd7 52. Kf3 Rxd6 1/2-1/2

[Event "Riga Tech Rapid op"]
[Site "Riga"]
[Date "2023.08.06"]
[Round "4"]
[White "Lumiste, Rene"]
[Black "Krivonosov, Oleg"]
[Result "1/2-1/2"]
[WhiteElo "2111"]
[BlackElo "2363"]
[PlyCount "52"]
[EventDate "2023.08.06"]
[EventType "swiss (rapid)"]
[EventRounds "9"]
[EventCountry "LAT"]
[SourceTitle "CBM 215 Extra"]
[Source "ChessBase"]
[SourceDate "2023.09.30"]
[SourceVersion "1"]
[SourceVersionDate "2023.09.30"]
[SourceQuality "1"]

1. e4 e5 2. Nf3 Nc6 3. Nc3 Nf6 4. Be2 Bb4 5. Nd5 0-0 6. Nxb4 Nxb4 7. 0-0 Nc6 8. d3 d5 9. Bg5 dxe4 10. Bxf6 Qxf6 11. dxe4 Bg4 12. c3 Ne7 13. Ne1 Rad8 14. Qc2 Bxe2 15. Qxe2 Ng6 16. g3 Rd6 17. Ng2 Rfd8 18. Rfd1 Qe6 19. a3 Qb3 20. Ne3 f6 21. Kf1 Rxd1+ 22. Rxd1 Rxd1+ 23. Qxd1 Qxd1+ 24. Nxd1 Nf8 25. Ne3 Kf7 26. Ke2 Ne6 1/2-1/2

[Event "Puhajarve Rapid op 21st"]
[Site "Puhajarve"]
[Date "2021.11.28"]
[Round "33"]
[White "Lumiste, Rene"]
[Black "Volodin, Aleksandr"]
[Result "1/2-1/2"]
[WhiteElo "2111"]
[BlackElo "2461"]
[PlyCount "110"]
[EventDate "2021.11.26"]
[EventType "tourn (rapid)"]
[EventRounds "37"]
[EventCountry "EST"]
[SourceTitle "CBM 205 Extra"]
[Source "ChessBase"]
[SourceDate "2022.01.31"]
[SourceVersion "1"]
[SourceVersionDate "2022.01.31"]
[SourceQuality "1"]

1. e4 c5 2. d4 cxd4 3. c3 d3 4. c4 d6 5. Bxd3 e6 6. Nf3 Nf6 7. 0-0 Nbd7 8. Nc3 Be7 9. Bf4 a6 10. Rc1 Qc7 11. Re1 Ne5 12. a3 0-0 13. b4 Nfd7 14. Nxe5 Nxe5 15. Qe2 b6 16. Be3 Bb7 17. Na4 Nd7 18. Bd4 Bc6 19. Nc3 Bb7 20. Na4 Rab8 21. Qg4 Bf6 22. Bxf6 Nxf6 23. Qh4 h6 24. Re3 e5 25. Nc3 Kh8 26. Rce1 Rbc8 27. Rf3 Nh7 28. Nd5 Bxd5 29. exd5 Qd8 30. Qxd8 Rcxd8 31. Bxh7 Kxh7 32. Rc3 f6 33. Kf1 Rc8 34. Rec1 Rc7 35. c5 bxc5 36. bxc5 dxc5 37. Rxc5 Rb7 38. d6 Rd8 39. Rc6 a5 40. Rd1 Rdd7 41. Ra6 Rb5 42. Ke2 Kg6 43. Kd3 Rd5+ 44. Kc2 Rc5+ 45. Kb3 Kf5 46. Ka4 Ke6 47. Rxa5 Rc2 48. Ra8 Rxf2 49. Re8+ Kf7 50. Rc8 Rxg2 51. Kb5 Ke6 52. Re8+ Kf7 53. Rc8 Ke6 54. Re8+ Kf7 55. Rc8 Ke6 1/2-1/2

[Event "Puhajarve Rapid op 21st"]
[Site "Puhajarve"]
[Date "2021.11.26"]
[Round "3"]
[White "Morozevich, Alexander"]
[Black "Lumiste, Rene"]
[Result "1-0"]
[WhiteElo "2659"]
[BlackElo "2111"]
[PlyCount "65"]
[EventDate "2021.11.26"]
[EventType "tourn (rapid)"]
[EventRounds "37"]
[EventCountry "EST"]
[SourceTitle "CBM 205 Extra"]
[Source "ChessBase"]
[SourceDate "2022.01.31"]
[SourceVersion "1"]
[SourceVersionDate "2022.01.31"]
[SourceQuality "1"]

1. e4 d5 2. exd5 Qxd5 3. Nf3 Nf6 4. d4 Bg4 5. Be2 c6 6. c4 Qd8 7. Nc3 e6 8. h3 Bxf3 9. Bxf3 Bd6 10. Qb3 Qb6 11. c5 Qxb3 12. axb3 Bc7 13. b4 Nd5 14. b5 Nd7 15. bxc6 bxc6 16. 0-0 0-0 17. Nxd5 exd5 18. Ra6 Nb8 19. Ra4 a5 20. Bd2 Nd7 21. Rfa1 Rfb8 22. b4 Nf8 23. bxa5 Ne6 24. g3 Rb2 25. Be3 Ra6 26. Bg2 Rb3 27. Bf1 Ra7 28. a6 f5 29. R1a3 Rb1 30. Kg2 g5 31. Bd3 Rb8 32. Bxf5 Ng7 33. Bd7 1-0

[Event "Keres Memorial rap 29th"]
[Site "Tallinn"]
[Date "2020.01.11"]
[Round "2"]
[White "Moiseenko, Alexander"]
[Black "Lumiste, Rene"]
[Result "1-0"]
[WhiteElo "2620"]
[BlackElo "2085"]
[PlyCount "81"]
[EventDate "2020.01.11"]
[EventType "swiss (rapid)"]
[EventRounds "11"]
[EventCountry "EST"]
[SourceTitle "CBM 194 Extra"]
[Source "ChessBase"]
[SourceDate "2020.03.31"]
[SourceVersion "1"]
[SourceVersionDate "2020.03.31"]
[SourceQuality "1"]

1. d4 Nf6 2. c4 c5 3. d5 e5 4. Nc3 d6 5. e4 Be7 6. g3 Na6 7. Bg2 Nc7 8. Nge2 a6 9. a4 Rb8 10. a5 h5 11. h4 Bd7 12. 0-0 b5 13. axb6 Rxb6 14. Na4 Rb4 15. b3 Bxa4 16. Rxa4 Rxa4 17. bxa4 0-0 18. Bd2 Qa8 19. Qc2 Rb8 20. Rb1 Rb7 21. Bh3 Qb8 22. Rxb7 Qxb7 23. f3 Qb6 24. Nc1 Nh7 25. Qb3 Na8 26. Qc2 Qd8 27. Nb3 g5 28. hxg5 Bxg5 29. f4 exf4 30. gxf4 Bh6 31. Be3 Qh4 32. Qg2+ Kf8 33. Qf3 Nb6 34. Nd2 Nf6 35. e5 Ng4 36. exd6 Qe1+ 37. Nf1 Bg7 38. Bxg4 hxg4 39. Qxg4 Bf6 40. Bxc5 Nxc4 41. d7+ 1-0

[Event "Puhajarve rap op 20th"]
[Site "Puhajarve"]
[Date "2019.11.30"]
[Round "17"]
[White "Lumiste, Rene"]
[Black "Volodin, Aleksandr"]
[Result "1-0"]
[WhiteElo "2085"]
[BlackElo "2494"]
[PlyCount "63"]
[EventDate "2019.11.29"]
[EventType "tourn (rapid)"]
[EventRounds "35"]
[EventCountry "EST"]
[SourceTitle "CBM 193 Extra"]
[Source "ChessBase"]
[SourceDate "2020.01.31"]
[SourceVersion "1"]
[SourceVersionDate "2020.01.31"]
[SourceQuality "1"]

1. e4 c5 2. Nf3 e6 3. c3 Nf6 4. e5 Nd5 5. d4 cxd4 6. cxd4 d6 7. Bc4 Nc6 8. 0-0 Be7 9. Qe2 0-0 10. Nc3 Nxc3 11. bxc3 dxe5 12. dxe5 Qc7 13. Qe4 b6 14. Bd3 g6 15. Bg5 Bb7 16. Bf6 Bxf6 17. exf6 Rfd8 18. Qe3 Qd6 19. Be4 Na5 20. Rad1 Qc5 21. Qh6 Qf8 22. Qf4 Bxe4 23. Qxe4 h6 24. Ne5 Kh7 25. h4 h5 26. g4 Rxd1 27. Rxd1 Rd8 28. Re1 Kh8 29. gxh5 gxh5 30. Re3 Rd1+ 31. Kg2 Rd5 32. Rg3 1-0

[Event "Viljandi Raud Olympic 52nd"]
[Site "Viljandi"]
[Date "2018.07.06"]
[Round "2.1"]
[White "Shirov, Alexei"]
[Black "Lumiste, Rene"]
[Result "1-0"]
[WhiteElo "2637"]
[BlackElo "2111"]
[PlyCount "67"]
[EventDate "2018.07.06"]
[EventType "k.o. (rapid)"]
[EventRounds "5"]
[EventCountry "EST"]
[SourceTitle "CBM 185 Extra"]
[Source "ChessBase"]
[SourceDate "2018.07.29"]
[SourceVersion "1"]
[SourceVersionDate "2018.07.29"]
[SourceQuality "1"]

1. e4 d5 2. exd5 Qxd5 3. Nc3 Qa5 4. d4 c6 5. Nf3 Nf6 6. Bc4 Bf5 7. Bd2 e6 8. Nd5 Qd8 9. Nxf6+ gxf6 10. c3 Rg8 11. Nh4 Bg4 12. Qc2 f5 13. g3 Be7 14. Ng2 Bf3 15. 0-0 Nd7 16. Nf4 Qb6 17. a4 0-0-0 18. a5 Qc7 19. a6 b6 20. Bxe6 fxe6 21. Nxe6 Qd6 22. Nxd8 Bxd8 23. Qxf5 Qd5 24. Qxh7 Bf6 25. Rae1 Rh8 26. Qxh8+ Bxh8 27. Re8+ Kc7 28. Bf4+ Be5 29. dxe5 Qe4 30. Ra8 c5 31. e6+ Kc6 32. Rc8+ Kb5 33. exd7 Bh1 34. f3 1-0

[Event "EST-ch U20"]
[Site "Tallinn"]
[Date "2018.04.30"]
[Round "8"]
[White "Ivanov, Platon Jaan"]
[Black "Lumiste, Rene"]
[Result "1-0"]
[WhiteElo "2271"]
[BlackElo "2092"]
[PlyCount "87"]
[EventDate "2018.04.25"]
[EventType "swiss"]
[EventRounds "9"]
[EventCountry "EST"]
[SourceTitle "CBM 184 Extra"]
[Source "ChessBase"]
[SourceDate "2018.06.28"]
[SourceVersion "1"]
[SourceVersionDate "2018.06.28"]
[SourceQuality "1"]

1. d4 Nf6 2. c4 e6 3. g3 d5 4. Nf3 Bb4+ 5. Bd2 Bd6 6. Nc3 0-0 7. Bg5 Be7 8. Bg2 Nbd7 9. 0-0 dxc4 10. e4 h6 11. Be3 Rb8 12. d5 Nb6 13. Ne5 exd5 14. exd5 Bb4 15. Bxb6 axb6 16. Nxc4 Bxc3 17. bxc3 Ne8 18. a4 Nd6 19. Nxd6 Qxd6 20. a5 Re8 21. Qd4 bxa5 22. Rxa5 b6 23. Ra7 Bf5 24. Qc4 Re7 25. Rfa1 Rbe8 26. h4 Kh7 27. Bf3 Bg6 28. Kg2 f5 29. R1a4 Rf8 30. Qf4 Rf6 31. Qxd6 Rxd6 32. Rb7 Be8 33. Raa7 Rdd7 34. c4 Kg6 35. Bd1 b5 36. Rxb5 c6 37. Rxd7 Bxd7 38. Rb6 Kf6 39. Ba4 Ke5 40. Bxc6 Bc8 41. Bb5 g5 42. Rxh6 g4 43. Rh8 Bb7 44. Re8 1-0

[Event "EST-ch U20"]
[Site "Tallinn"]
[Date "2018.04.28"]
[Round "6"]
[White "Lumiste, Rene"]
[Black "Dubrovin, Robert"]
[Result "0-1"]
[WhiteElo "2092"]
[BlackElo "2218"]
[PlyCount "150"]
[EventDate "2018.04.25"]
[EventType "swiss"]
[EventRounds "9"]
[EventCountry "EST"]
[SourceTitle "CBM 184 Extra"]
[Source "ChessBase"]
[SourceDate "2018.06.28"]
[SourceVersion "1"]
[SourceVersionDate "2018.06.28"]
[SourceQuality "1"]

1. e4 e6 2. d4 d5 3. exd5 exd5 4. Nf3 Bd6 5. c4 Nf6 6. c5 Be7 7. Nc3 0-0 8. Bd3 b6 9. cxb6 axb6 10. 0-0 c5 11. h3 Nc6 12. Bf4 Ba6 13. Re1 h6 14. Bf5 Bd6 15. Be5 Re8 16. Qd2 cxd4 17. Bxd4 Nxd4 18. Nxd4 Bb7 19. Rxe8+ Qxe8 20. Ndb5 Qe5 21. Nxd6 Qxd6 22. Qd4 Qc5 23. Rd1 Re8 24. Na4 Re1+ 25. Kh2 Rxd1 26. Qxd1 Qxf2 27. Qf3 Qd4 28. Bc2 b5 29. Qg3 Nd7 30. Nc3 b4 31. Nd1 Ne5 32. Ne3 Bc8 33. a3 bxa3 34. bxa3 Be6 35. a4 f6 36. Bf5 Bf7 37. Ng4 Nxg4+ 38. Qxg4 Qe5+ 39. Kg1 h5 40. Qf3 Qa1+ 41. Kf2 Qxa4 42. Bd3 Qd4+ 43. Kf1 Qe5 44. h4 g6 45. g3 Kg7 46. Kf2 Be6 47. Qe3 d4 48. Qc1 Bf5 49. Bf1 Be6 50. Qa3 Bd5 51. Qa7+ Kh6 52. Qa3 Qf5+ 53. Kg1 Qe6 54. Kf2 Qe4 55. Qc1+ Kg7 56. Qc7+ Bf7 57. Qc1 Qd5 58. Bd3 Qa2+ 59. Kg1 Qd5 60. Kf2 Qe5 61. Qd2 g5 62. hxg5 fxg5 63. Qc1 h4 64. gxh4 Qh2+ 65. Ke1 Qg3+ 66. Kd2 Qe3+ 67. Kc2 Qxc1+ 68. Kxc1 gxh4 69. Kd2 Kf6 70. Ke2 Bd5 71. Kf2 Ke5 72. Bf1 Kf4 73. Bh3 Bb3 74. Bd7 Bc2 75. Bh3 d3 0-1

[Event "EU-chT U18"]
[Site "Rymanow Zdroj"]
[Date "2017.08.19"]
[Round "3.11"]
[White "Matis, Tibor"]
[Black "Lumiste, Rene"]
[Result "0-1"]
[WhiteElo "1947"]
[BlackElo "2130"]
[PlyCount "104"]
[EventDate "2017.08.17"]
[EventType "team-swiss"]
[EventRounds "7"]
[EventCountry "POL"]
[SourceTitle "CBM 180 Extra"]
[Source "ChessBase"]
[SourceDate "2017.10.06"]
[SourceVersion "1"]
[SourceVersionDate "2017.10.06"]
[SourceQuality "1"]
[WhiteTeam "Slovakia U18 III"]
[BlackTeam "Estonia U18"]
[WhiteTeamCountry "SVK"]
[BlackTeamCountry "EST"]

1. e4 g6 2. d4 Bg7 3. Nc3 a6 4. Nf3 d6 5. Be3 Nf6 6. a4 b6 7. h3 Bb7 8. Bd3 Nbd7 9. Qd2 c5 10. d5 0-0 11. Bh6 Ne5 12. Nxe5 dxe5 13. Bxg7 Kxg7 14. Rd1 Qc7 15. Bc4 Ne8 16. Qg5 f6 17. Qg3 Nd6 18. b3 b5 19. axb5 axb5 20. Be2 c4 21. 0-0 b4 22. Na4 Nxe4 23. Qe3 cxb3 24. cxb3 Nc3 25. Nxc3 bxc3 26. Bc4 Rfd8 27. Qxc3 Bxd5 28. Ra1 Bxc4 29. bxc4 Rxa1 30. Rxa1 Qc5 31. Rc1 Ra8 32. Qb3 h5 33. Rd1 e4 34. Rb1 h4 35. Rd1 Kf7 36. Rb1 Rd8 37. Qb5 Rc8 38. Qxc5 Rxc5 39. Rc1 Ke6 40. Kf1 Ke5 41. Ke2 f5 42. g3 g5 43. gxh4 gxh4 44. f3 Kf4 45. fxe4 Kxe4 46. Re1 e5 47. Rc1 Kd4 48. Rd1+ Kxc4 49. Ke3 Ra5 50. Rd3 Ra2 51. Rd8 Ra3+ 52. Ke2 Rxh3 0-1

[Event "Keres Memorial rap 26th"]
[Site "Tallinn"]
[Date "2017.01.15"]
[Round "8"]
[White "Lumiste, Rene"]
[Black "Lavendelis, Egons"]
[Result "0-1"]
[WhiteElo "2055"]
[BlackElo "2271"]
[PlyCount "52"]
[EventDate "2017.01.14"]
[EventType "swiss (rapid)"]
[EventRounds "11"]
[EventCountry "EST"]
[SourceTitle "CBM 176 Extra"]
[Source "ChessBase"]
[SourceDate "2017.03.02"]
[SourceVersion "1"]
[SourceVersionDate "2017.03.02"]
[SourceQuality "1"]

1. e4 c5 2. Nf3 Nc6 3. d4 cxd4 4. Nxd4 Nf6 5. Nc3 e6 6. Ndb5 Bb4 7. Bf4 Nxe4 8. Nc7+ Kf8 9. Qd3 Qf6 10. Qxe4 Bxc3+ 11. Kd1 Bxb2 12. Bd6+ Kg8 13. Rb1 Rb8 14. Ne8 Qd8 15. Bxb8 Qxe8 16. Bxa7 Bf6 17. Bc5 d5 18. Qa4 g6 19. h4 h5 20. Qa8 Kg7 21. Bb5 e5 22. Bxc6 Bg4+ 23. f3 Qxa8 24. Rxb7 Qc8 25. Bxd5 Be6 26. Bxe6 Qxb7 0-1

[Event "Keres Memorial rap 26th"]
[Site "Tallinn"]
[Date "2017.01.14"]
[Round "7"]
[White "Mierins, Eriks"]
[Black "Lumiste, Rene"]
[Result "1/2-1/2"]
[WhiteElo "2150"]
[BlackElo "2055"]
[PlyCount "56"]
[EventDate "2017.01.14"]
[EventType "swiss (rapid)"]
[EventRounds "11"]
[EventCountry "EST"]
[SourceTitle "CBM 176 Extra"]
[Source "ChessBase"]
[SourceDate "2017.03.02"]
[SourceVersion "1"]
[SourceVersionDate "2017.03.02"]
[SourceQuality "1"]

1. e4 d5 2. exd5 Qxd5 3. Nc3 Qa5 4. d4 Nf6 5. Nf3 c6 6. Bc4 Bf5 7. 0-0 e6 8. Bf4 Nbd7 9. a3 Qd8 10. Re1 Be7 11. h3 0-0 12. Nh4 Bg6 13. Nxg6 hxg6 14. b4 Nd5 15. Nxd5 cxd5 16. Bd3 Rc8 17. Qe2 Nb6 18. Rec1 Bg5 19. Qd2 Nc4 20. Bxc4 Bxf4 21. Qxf4 Rxc4 22. c3 Qc7 23. Qxc7 Rxc7 24. Rc2 Rfc8 25. Rac1 g5 26. Kf1 f6 27. Ke2 Kf7 28. Kd3 Rc4 1/2-1/2

[Event "Keres Memorial rap 26th"]
[Site "Tallinn"]
[Date "2017.01.14"]
[Round "5"]
[White "Tokranovs, Dmitrijs"]
[Black "Lumiste, Rene"]
[Result "1-0"]
[WhiteElo "2183"]
[BlackElo "2055"]
[PlyCount "97"]
[EventDate "2017.01.14"]
[EventType "swiss (rapid)"]
[EventRounds "11"]
[EventCountry "EST"]
[SourceTitle "CBM 176 Extra"]
[Source "ChessBase"]
[SourceDate "2017.03.02"]
[SourceVersion "1"]
[SourceVersionDate "2017.03.02"]
[SourceQuality "1"]

1. e4 d5 2. exd5 Qxd5 3. Nf3 c6 4. Be2 Nf6 5. 0-0 Bg4 6. c4 Qd8 7. d4 e6 8. Nc3 Nbd7 9. Bf4 Be7 10. h3 Bh5 11. Qb3 Qb6 12. Rfd1 0-0 13. g4 Bg6 14. Ne5 Nxe5 15. dxe5 Ne4 16. Qxb6 axb6 17. Nxe4 Bxe4 18. Rd7 Bc5 19. a3 Rfd8 20. Rad1 Rxd7 21. Rxd7 Rb8 22. b4 Bf8 23. f3 Bc2 24. Kf2 Ba4 25. Be3 c5 26. b5 Bc2 27. Bf1 g6 28. Ke1 Bg7 29. Kd2 Ba4 30. Bf4 Kf8 31. Bd3 Ke8 32. Rc7 h6 33. Bxg6 Rd8+ 34. Bd3 Rd7 35. Rxd7 Kxd7 36. Be4 Kc7 37. h4 Bb3 38. Bd3 Kd7 39. h5 Kc7 40. Bg3 Kd7 41. f4 f6 42. Be2 Ke7 43. Kc3 Ba4 44. Bf3 Kf7 45. Kd2 fxe5 46. fxe5 Bf8 47. Bf4 Bb3 48. Be2 Bg7 49. Bd3 1-0

[Event "EU-ch blitz"]
[Site "Tallinn"]
[Date "2016.12.17"]
[Round "1"]
[White "Andreikin, Dmitry"]
[Black "Lumiste, Rene"]
[Result "1-0"]
[WhiteElo "2737"]
[BlackElo "2055"]
[PlyCount "67"]
[EventDate "2016.12.17"]
[EventType "swiss (blitz)"]
[EventRounds "26"]
[EventCountry "EST"]
[SourceTitle "CBM 176 Extra"]
[Source "ChessBase"]
[SourceDate "2017.03.02"]
[SourceVersion "1"]
[SourceVersionDate "2017.03.02"]
[SourceQuality "1"]

1. d4 Nf6 2. c4 c5 3. Nf3 cxd4 4. Nxd4 Nc6 5. Nc3 g6 6. e4 Bg7 7. Be3 d6 8. Be2 0-0 9. 0-0 Nxd4 10. Bxd4 b6 11. Qd2 Bb7 12. f3 Rc8 13. Kh1 Nd7 14. Bxg7 Kxg7 15. b3 Nf6 16. Rad1 Qc7 17. Nb5 Qb8 18. Qb2 Kg8 19. Nxd6 Rcd8 20. Nb5 Rxd1 21. Rxd1 a6 22. Nc3 Rd8 23. Nd5 Bxd5 24. cxd5 a5 25. Bb5 Nd7 26. Qd4 Qd6 27. Bxd7 Rxd7 28. e5 Qc5 29. Qxc5 bxc5 30. Kg1 a4 31. Kf2 Rb7 32. d6 exd6 33. exd6 Rd7 34. bxa4 1-0

[Event "EST-ch"]
[Site "Tallinn"]
[Date "2016.01.31"]
[Round "9"]
[White "Krupenski, Juri"]
[Black "Lumiste, Rene"]
[Result "1-0"]
[WhiteElo "2406"]
[BlackElo "2047"]
[PlyCount "119"]
[EventDate "2016.01.26"]
[EventType "swiss"]
[EventRounds "9"]
[EventCountry "EST"]
[SourceTitle "CBM 170 Extra"]
[Source "ChessBase"]
[SourceDate "2016.02.25"]
[SourceVersion "1"]
[SourceVersionDate "2016.02.25"]
[SourceQuality "1"]

1. c4 Nf6 2. g3 c6 3. Nf3 d5 4. Bg2 g6 5. b3 Bg7 6. Bb2 0-0 7. 0-0 Re8 8. d4 Ne4 9. Nbd2 Nxd2 10. Qxd2 Bg4 11. Rac1 Nd7 12. cxd5 cxd5 13. Ne5 Be6 14. Qb4 Qb6 15. Qa4 Nxe5 16. dxe5 Rec8 17. e4 dxe4 18. Qxe4 Bh6 19. Bd4 Qb4 20. Rxc8+ Rxc8 21. Bxa7 Qxe4 22. Bxe4 Ra8 23. Bc5 Rxa2 24. b4 b5 25. Rd1 f6 26. exf6 exf6 27. Bc6 Bc4 28. Rd8+ Kf7 29. Rd7+ Kg8 30. h4 Ra1+ 31. Kh2 Ra6 32. Rd6 Kg7 33. Bd4 Bd2 34. Bxf6+ Kf8 35. Rxd2 Rxc6 36. Bg5 h5 37. Rd7 Re6 38. Kg2 Be2 39. Be3 Ke8 40. Rg7 Bc4 41. Kf3 Bd3 42. Bc5 Bc4 43. Kf4 Bd3 44. Kg5 Re5+ 45. Kh6 Re6 46. Rb7 Kd8 47. Kg7 Rc6 48. Rf7 Re6 49. f3 Ke8 50. Rf4 Re2 51. Rf6 Re5 52. g4 Rd5 53. Rb6 Rd7+ 54. Kh6 Rd5 55. Rf6 Re5 56. Rd6 Bc2 57. f4 Rxc5 58. bxc5 hxg4 59. c6 g3 60. c7 1-0

[Event "EU-ch U16 25th"]
[Site "Porec"]
[Date "2015.09.29"]
[Round "8"]
[White "Lumiste, Rene"]
[Black "Spacek, Oliver"]
[Result "1/2-1/2"]
[WhiteElo "2029"]
[BlackElo "2104"]
[PlyCount "86"]
[EventDate "2015.09.21"]
[EventType "swiss"]
[EventRounds "9"]
[EventCountry "CRO"]
[SourceTitle "EXT 2016"]
[Source "ChessBase"]
[SourceDate "2015.10.08"]
[SourceVersion "1"]
[SourceVersionDate "2015.10.08"]
[SourceQuality "1"]

1. e4 c5 2. Nf3 e6 3. d4 cxd4 4. Nxd4 a6 5. Bd3 Bc5 6. Nb3 Be7 7. 0-0 d6 8. Qg4 g6 9. Qe2 Nd7 10. c4 b6 11. Nc3 Bb7 12. f4 Qc7 13. f5 Ne5 14. fxe6 fxe6 15. Nd4 Qd7 16. Bc2 Rb8 17. Ba4 Nc6 18. Be3 Kd8 19. Qg4 e5 20. Ne6+ Kc8 21. Nd5 Ba8 22. Nxb6+ Rxb6 23. Bxb6 Nf6 24. Qh3 h5 25. c5 Ng4 26. Qb3 dxc5 27. Bc7 c4 28. Qxc4 Ne3 29. Qb3 Nxf1 30. Rd1 Nd2 31. Bxc6 Qxc6 32. Qb8+ Kd7 33. Rxd2+ Kxe6 34. Qb3+ Kf6 35. Rf2+ Kg7 36. Qf7+ Kh6 37. Qxe7 Qc1+ 38. Rf1 Qe3+ 39. Kh1 Qxe4 40. Rg1 Qe2 41. Qxe5 Bxg2+ 42. Rxg2 Qf1+ 43. Rg1 Qf3+ 1/2-1/2

[Event "EU-ch U16 25th"]
[Site "Porec"]
[Date "2015.09.27"]
[Round "6"]
[White "Belli, Giorgio"]
[Black "Lumiste, Rene"]
[Result "0-1"]
[WhiteElo "1974"]
[BlackElo "2029"]
[PlyCount "58"]
[EventDate "2015.09.21"]
[EventType "swiss"]
[EventRounds "9"]
[EventCountry "CRO"]
[SourceTitle "EXT 2016"]
[Source "ChessBase"]
[SourceDate "2015.10.08"]
[SourceVersion "1"]
[SourceVersionDate "2015.10.08"]
[SourceQuality "1"]

1. e4 c5 2. Nf3 d6 3. d4 cxd4 4. Nxd4 Nf6 5. f3 e5 6. Nb3 Be6 7. c4 a5 8. Nc3 a4 9. Nd2 Qa5 10. Be2 Nh5 11. 0-0 Nf4 12. Nb5 Nd7 13. Kh1 Rc8 14. b4 Qd8 15. Bb2 Qg5 16. Rf2 Nb6 17. Rc1 Be7 18. Bf1 0-0 19. g3 Ng6 20. Rg2 h5 21. Bd3 h4 22. f4 exf4 23. Nf3 Qh6 24. e5 Nxe5 25. Nxe5 dxe5 26. Bxe5 fxg3 27. hxg3 h3 28. Rh2 Nxc4 29. Bd4 Bg5 0-1

[Event "Viljandi Raud Memorial 49th"]
[Site "Viljandi"]
[Date "2015.07.02"]
[Round "6"]
[White "Lumiste, Rene"]
[Black "Maasik, Liisa"]
[Result "1-0"]
[WhiteElo "1889"]
[BlackElo "1487"]
[PlyCount "133"]
[EventDate "2015.06.29"]
[EventType "swiss"]
[EventRounds "9"]
[EventCountry "EST"]
[SourceTitle "CBM 167 Extra"]
[Source "ChessBase"]
[SourceDate "2015.09.14"]
[SourceVersion "1"]
[SourceVersionDate "2015.09.14"]
[SourceQuality "1"]

1. e4 e6 2. d4 d5 3. Nc3 Nf6 4. Bg5 Bb4 5. e5 h6 6. Bd2 Bxc3 7. bxc3 Ne4 8. Bd3 Nxd2 9. Qxd2 b6 10. f4 c5 11. Nf3 Nc6 12. 0-0 c4 13. Be2 Bd7 14. Qe1 Ne7 15. Nd2 Nf5 16. Bg4 Ne7 17. Bf3 Rb8 18. g4 g5 19. Be2 Ng6 20. f5 Nf4 21. f6 Ba4 22. Bd1 Kd7 23. Nf3 Qg8 24. Qd2 Qh7 25. Qc1 Rb7 26. Kf2 Qg6 27. h4 Kc8 28. Rh1 Rg8 29. hxg5 hxg5 30. Kg3 Qe4 31. Re1 Qh7 32. Nxg5 Rxg5 33. Qxf4 Rg6 34. Bf3 Bxc2 35. Rh1 Qg8 36. Rh2 Bd3 37. Rah1 Qf8 38. Rh8 Rg8 39. Rxg8 Qxg8 40. Qh6 Rb8 41. Qg7 Kb7 42. Qxg8 Rxg8 43. Kf4 a5 44. g5 Kc6 45. Bh5 Rf8 46. Rg1 Kb5 47. Bxf7 Rxf7 48. g6 Bxg6 49. Rxg6 Ka4 50. Rg7 Rf8 51. Re7 Ka3 52. Rxe6 b5 53. Rd6 b4 54. cxb4 axb4 55. Rxd5 Kxa2 56. Rc5 c3 57. d5 Kb2 58. d6 c2 59. d7 b3 60. e6 c1Q+ 61. Rxc1 Kxc1 62. e7 Rxf6+ 63. Kg5 b2 64. e8Q Rf5+ 65. Kg4 b1Q 66. Qe1+ Kb2 67. Qxb1+ 1-0

[Event "EST-ch U18"]
[Site "Tallinn"]
[Date "2015.03.22"]
[Round "7"]
[White "Lumiste, Rene"]
[Black "Ladva, Ottomar"]
[Result "1/2-1/2"]
[WhiteElo "1889"]
[BlackElo "2409"]
[PlyCount "44"]
[EventDate "2015.03.19"]
[EventType "swiss"]
[EventRounds "7"]
[EventCountry "EST"]
[SourceTitle "EXT 2016"]
[Source "ChessBase"]
[SourceDate "2015.10.08"]
[SourceVersion "1"]
[SourceVersionDate "2015.10.08"]
[SourceQuality "1"]

1. b4 d5 2. Bb2 c6 3. e3 Nf6 4. Nf3 Bg4 5. c4 Nbd7 6. a3 e5 7. h3 Bxf3 8. Qxf3 Bd6 9. Nc3 e4 10. Qd1 0-0 11. cxd5 cxd5 12. Qb3 Nb6 13. d3 Re8 14. dxe4 d4 15. Nb5 dxe3 16. 0-0-0 Qc8+ 17. Kb1 Be5 18. f3 Qe6 19. Qxe6 Rxe6 20. Bd3 a5 21. Nd4 Ree8 22. Bb5 Reb8 1/2-1/2

[Event "Viljandi Raud Memorial 48th"]
[Site "Viljandi"]
[Date "2014.07.01"]
[Round "3"]
[White "Haitin, Ilja"]
[Black "Lumiste, Rene"]
[Result "1-0"]
[WhiteElo "2324"]
[BlackElo "1817"]
[PlyCount "133"]
[EventDate "2014.06.30"]
[EventType "swiss"]
[EventRounds "9"]
[EventCountry "EST"]
[SourceTitle "CBM 161 Extra"]
[Source "ChessBase"]
[SourceDate "2014.08.29"]
[SourceVersion "1"]
[SourceVersionDate "2014.08.29"]
[SourceQuality "1"]

1. c4 Nf6 2. g3 e6 3. Bg2 Be7 4. Nf3 d5 5. 0-0 0-0 6. b3 Ne4 7. Bb2 Bf6 8. Qc2 Bxb2 9. Qxb2 Qf6 10. Qxf6 Nxf6 11. Nc3 c6 12. d4 Rd8 13. cxd5 exd5 14. b4 Ne4 15. Rfc1 Na6 16. Rab1 Nxc3 17. Rxc3 Nc7 18. a4 a6 19. Nd2 Bf5 20. Rb2 Bd7 21. Nb3 Ne6 22. e3 Re8 23. Bh3 Nf8 24. Bf1 Ne6 25. Bd3 Ng5 26. Rc1 Ne6 27. Bf5 Nf8 28. Bd3 Ne6 29. Kf1 Ng5 30. h4 Bh3+ 31. Ke2 Bg4+ 32. Kd2 Ne6 33. Kc3 Bf3 34. Bf5 Nc7 35. Bh3 h5 36. Bf1 Bg4 37. Ra1 f6 38. Rba2 g5 39. Bd3 Kf7 40. Nd2 gxh4 41. gxh4 Bd7 42. Nf1 Rh8 43. Ng3 Bg4 44. Kb3 Bd7 45. Rg1 Rag8 46. Raa1 Ne8 47. Ne2 Nd6 48. Rxg8 Rxg8 49. Ng3 Rh8 50. Rc1 Rg8 51. b5 a5 52. Be2 Ne4 53. Nxe4 dxe4 54. Bc4+ Be6 55. Bxe6+ Kxe6 56. bxc6 bxc6 57. Rxc6+ Kf5 58. Kc4 Rb8 59. Kd5 Rb4 60. Re6 Rxa4 61. Rxe4 Rb4 62. Rf4+ Kg6 63. Kc5 Rb2 64. d5 Rc2+ 65. Kb5 Rd2 66. Rd4 Rxf2 67. d6 1-0